|
|
|
|
| LEADER |
00000nab a2200000 a 4500 |
| 001 |
vtls008901058 |
| 003 |
SK-MaSNL |
| 005 |
20260304134153.0 |
| 008 |
250505c2005 xo mr|p|||||||000 b|slo |
| 015 |
|
|
|a SNBRB2006/12
|2 snkbucl
|
| 035 |
|
|
|a (uuid)9b81119f-961a-4433-b101-b44365469587
|
| 035 |
|
|
|a urn:nbn:sk:snk-abyyp
|
| 035 |
|
|
|a (urnnbn)urn:nbn:sk:snk:ar-a06oy1
|
| 038 |
|
|
|a SNKBUCL
|
| 040 |
|
|
|a SNKBUCL
|b slo
|c SNKBUCL
|e AACR2
|
| 041 |
0 |
|
|a eng
|
| 044 |
|
|
|a xo
|c SK
|
| 080 |
|
|
|a 582.736.3:581.55
|x (437.6)
|2 1997
|
| 080 |
|
|
|a 581.55:582.736.3
|x (437.6)
|2 1997
|
| 080 |
|
|
|a 630*18
|x (437.6)
|2 1997
|
| 100 |
1 |
|
|a Benčaťová, Blažena,
|d 1957-
|4 aut
|9 223789
|
| 245 |
1 |
4 |
|a The Black Locust communities in the Northern Part of "Pohronská pahorkatina" Hills
|c Blažena Benčeťová, Tibor Benčať
|
| 504 |
|
|
|a Bibliogr. odkazy
|
| 546 |
|
|
|a Res. angl.
|
| 650 |
0 |
7 |
|a agát biely
|2 snkbucl
|9 18177
|
| 650 |
0 |
7 |
|a rastlinné spoločenstvá
|2 snkbucl
|9 29333
|
| 650 |
0 |
7 |
|a geografické rozšírenie
|2 snkbucl
|9 1245549
|
| 650 |
0 |
7 |
|a syntaxonómia
|2 snkbucl
|9 823243
|
| 651 |
|
7 |
|a Pohronská pahorkatina (Slovensko)
|2 snkbucl
|9 1451780
|
| 700 |
1 |
|
|a Benčať, Tibor,
|d 1957-
|4 aut
|9 204881
|
| 773 |
0 |
|
|t Thaiszia. Journal of botany
|g Vol. 15, Suppl. 1 (2005), s. 191-196
|x 1210-0420
|
| 850 |
|
|
|a Slovenská národná knižnica
|
| 852 |
|
|
|a Slovenská národná knižnica
|
| 958 |
|
|
|a article27
|
| 958 |
|
|
|a NB
|
| 958 |
|
|
|a SK
|
| 958 |
|
|
|a OND
|
| 958 |
|
|
|a EUIPO
|
| 999 |
|
|
|c 2905583
|d 2907513
|